<?xml version="1.0" encoding="UTF-8"?>
<marc:record xmlns:marc="http://www.loc.gov/MARC21/slim">
   <marc:leader>00000nam a2200000 a 4500</marc:leader>
   <marc:datafield ind1="1" ind2=" " tag="100">
      <marc:subfield code="a">Usher, Sam</marc:subfield>
      <marc:subfield code="4">aut</marc:subfield>
      <marc:subfield code="e">Verfasser/-in</marc:subfield>
   </marc:datafield>
   <marc:datafield ind1=" " ind2=" " tag="653">
      <marc:subfield code="a">Junge</marc:subfield>
   </marc:datafield>
   <marc:datafield ind1=" " ind2=" " tag="653">
      <marc:subfield code="a">Schnee</marc:subfield>
   </marc:datafield>
   <marc:datafield ind1=" " ind2=" " tag="653">
      <marc:subfield code="a">Ungeduld</marc:subfield>
   </marc:datafield>
   <marc:datafield ind1=" " ind2=" " tag="653">
      <marc:subfield code="a">Bilderbuch</marc:subfield>
   </marc:datafield>
   <marc:datafield ind1=" " ind2=" " tag="653">
      <marc:subfield code="a">Bilderbücher</marc:subfield>
   </marc:datafield>
   <marc:datafield ind1="0" ind2="0" tag="245">
      <marc:subfield code="a">Mein Schneetag</marc:subfield>
   </marc:datafield>
   <marc:datafield ind1="0" ind2="0" tag="245">
      <marc:subfield code="c">Usher, Sam</marc:subfield>
   </marc:datafield>
   <marc:datafield ind1=" " ind2="1" tag="264">
      <marc:subfield code="a">Zürich</marc:subfield>
      <marc:subfield code="b">Atlantis</marc:subfield>
      <marc:subfield code="c">2015</marc:subfield>
   </marc:datafield>
   <marc:datafield ind1=" " ind2=" " tag="250">
      <marc:subfield code="a">1. Aufl.</marc:subfield>
   </marc:datafield>
   <marc:datafield ind1="1" ind2=" " tag="520">
      <marc:subfield code="a">Angaben aus der Verlagsmeldung &#xD;
&#xD;
 &#xD;
&#xD;
  Mein Schneetag / von Sam Usher &#xD;
&#xD;
 &#xD;
Der Lockruf des Schnees &amp;hellip;&#xD;
Ein Junge platzt beinahe vor Ungeduld. Er will in den Schnee&#xD;
hinaus. Wenn nur der Großvater endlich bereit wäre!&#xD;
Alle Freunde sind schon draußen, aber Opa zieht sich erst&#xD;
das Hemd an.&#xD;
»Beeil dich, Opa! Die halbe Nachbarschaft ist schon unterwegs!«&#xD;
»Wahrscheinlich der halbe Zoo«, lacht Opa und bindet sich&#xD;
seelenruhig den Schlips um.&#xD;
Aber dann traut der Junge seinen Augen nicht:&#xD;
Eben ist draußen ein Affe vorbeigehüpft. Kann das sein?&#xD;
Als Opa endlich bereit ist, gehen sie zusammen in den Park und&#xD;
haben jede Menge Spaß: bei der Schneeballschlacht mit allen&#xD;
Freunden &amp;amp;ndash; und dem halben Zoo.&#xD;
Spuren im Schnee? JA, aber nicht durch den Märchenwald,&#xD;
sondern im Stadtpark, mit Witz und Gespür für die großen&#xD;
Wünsche eines Kindes erzählt.&#xD;
Sam Usher inszeniert die Schneeflächen spannungsvoll und&#xD;
weckt die Lust, selbst frische Spuren zu legen.</marc:subfield>
   </marc:datafield>
   <marc:datafield ind1=" " ind2=" " tag="020">
      <marc:subfield code="a">9783715206974</marc:subfield>
      <marc:subfield code="9">9783715206974</marc:subfield>
   </marc:datafield>
   <marc:datafield ind1=" " ind2=" " tag="020">
      <marc:subfield code="a">3715206977</marc:subfield>
      <marc:subfield code="9">3715206977</marc:subfield>
   </marc:datafield>
   <marc:datafield ind1=" " ind2=" " tag="041">
      <marc:subfield code="a">ger</marc:subfield>
   </marc:datafield>
   <marc:datafield ind1=" " ind2=" " tag="300">
      <marc:subfield code="b">zahlreiche Illustrationen</marc:subfield>
   </marc:datafield>
   <marc:datafield ind1=" " ind2=" " tag="338">
      <marc:subfield code="a">Band</marc:subfield>
   </marc:datafield>
   <marc:datafield ind1=" " ind2=" " tag="300">
      <marc:subfield code="a">[34] Seiten</marc:subfield>
   </marc:datafield>
</marc:record>
